000 00403nam a2200169Ia 4500
005 20251020182613.0
008 200515s9999 xx 000 0 und d
082 _aSC/69.057.5/I59-2P
110 _aInstituto Nacional de Aprendizaje
245 0 _aCarpintería : módulo 2 P
260 _aSan José
260 _cs.a.
300 _as. n.
650 _aENCOFRADOS
650 _aPUB INA
942 _cLIB
999 _c3419
_d3419